Nimble Number Logic Puzzle Quiz Stats

 Plays Quiz Updated Jun 28, 2014

     
Support Sporcle.
Go Orange.
Score 0/25 Timer 20:00
21 Plays Today
% Correct




A
???
100%




E
???
84.4%




U
???
81.8%




Y
???
80.3%




M
???
80.2%




F
???
68.4%




K
???
66.9%




J
???
65%




P
???
64.3%




B
???
63.5%




C
???
62.5%




D
???
62.2%




O
???
58.4%
% Correct




T
???
56.9%




N
???
55.7%




G
???
54.4%




H
???
54.2%




I
???
52.6%




L
???
41.6%




Q
???
37.5%




V
???
35.3%




R
???
33%




S
???
30.5%




W
???
24.6%




X
???
24.4%

From the Vault

Asia Populous Cities

by Matt

Imagine the size of the schools in these Asian cities!
Remove Ads.
Support Sporcle.
Get the best of Sporcle when you Go Orange. This ad-free experience offers more features, more stats, and more fun while also helping to support Sporcle. Thank you for becoming a member.

Show Comments

Extras

Top Quizzes Today


Score Distribution

Your Account Isn't Verified!

In order to create a playlist on Sporcle, you need to verify the email address you used during registration. Go to your Sporcle Settings to finish the process.

Report this User

Report this user for behavior that violates our Community Guidelines.

Details: